|
|
|
|
| LEADER |
00000nam a2200000 a 4500 |
| 005 |
20110713150451.0 |
| 008 |
030917s2003 sp a || 100 ||spa|| |
| 017 |
|
|
|a DL M. 27999-2003
|
| 020 |
|
|
|a 8470882414
|
| 035 |
|
|
|a 5630
|
| 040 |
|
|
|d vLex
|
| 080 |
|
|
|a 681.3:343.7
|
| 090 |
|
|
|c 2219
|d 2219
|
| 111 |
2 |
|
|a Jornadas sobre firma digital y Administraciones Pb︢licas
|d (2002 :
|c Madrid)
|
| 245 |
1 |
0 |
|a Firma digital y Administraciones Pb︢licas
|h [Recurso electrn̤ico]
|
| 256 |
|
|
|a Servicio en ln̕ea.
|
| 260 |
|
|
|a Madrid :
|b Instituto Nacional de Administracin̤ Pb︢lica,
|c 2003
|
| 300 |
|
|
|a 144 p.;
|c 24 cm
|
| 490 |
1 |
|
|a Informes y documentos
|
| 506 |
1 |
|
|a Contenido solo disponible en los productos indicados
|d vLex Global
|d vLex Global (Academic Edition, excluding Law Schools)
|d vLex Global (U.S. Academic Edition, Law Schools)
|d vLex Global (U.S. Academic Edition, excluding Law Schools)
|d vLex Global (Academic Edition, Law Schools)
|
| 650 |
0 |
7 |
|a Administracin̤ pb︢lica
|2 Tesauro vLex
|
| 650 |
0 |
7 |
|a Firma
|2 Tesauro vLex
|
| 650 |
0 |
7 |
|2 Tesauro vLex
|a Nuevas tecnologa̕s
|
| 650 |
0 |
7 |
|2 Tesauro vLex
|a Tecnologa̕s de la informacin̤
|
| 710 |
1 |
|
|a Instituto Nacional de Administracin̤ Pb︢lica (Espaą)
|
| 740 |
0 |
|
|a vLex Libros (Servicio en ln̕ea)
|
| 830 |
|
0 |
|a Informes y documentos (Espaą. Ministerio de Administraciones Pb︢licas)
|
| 856 |
4 |
0 |
|u http://vlex.com/source/firma-digital-administraciones-publicas-5630
|z Acceso restringido
|
| 942 |
|
|
|c BOOK
|